000
00308 a2200133 4500
000
nam a22 7a 4500
100
_a
P, K Nayak
110
_a
P, K Nayak
245
_a
Quality Management System
250
_a
latest edition
260
_b
Shree Niwas
_c
2026
264
_b
Shree Niwas
_c
2026
942
_c
BK
999
_c
397005
_d
397005